|
|
|
|
| LEADER |
01802nam a2200325 a 4500 |
| 001 |
29385 |
| 003 |
BD-DhAAL |
| 008 |
150615s2015 bg b 000 0 eng d |
| 040 |
|
|
|a BD-DhAAL
|c BD-DhAAL
|
| 082 |
0 |
0 |
|a 347.5492
|2 21
|
| 100 |
1 |
|
|a Islam, Mahmudul.
|9 12077
|
| 245 |
1 |
4 |
|a The law of civil procedure :
|b commentary on the Code of Civil Procedure and the Civil Courts Act.
|n Volume 2 /
|c Mahmudul Islam and Probir Neogi.
|
| 250 |
|
|
|a 2nd ed.
|
| 260 |
|
|
|a Dhaka, Bangladesh :
|b Mullick Brothers,
|c 2015.
|
| 300 |
|
|
|a xv, 1101-2184 ;
|c 22 cm.
|
| 362 |
0 |
|
|a Vol. 2 (Or.21 r. 60 to end)
|
| 500 |
|
|
|a Spine title: The Law of Civil Procedure
|
| 504 |
|
|
|a Includes bibliographical references.
|
| 541 |
1 |
|
|e 29385
|
| 610 |
1 |
0 |
|a Bangladesh.
|t Code of Civil Procedure.
|9 12078
|
| 650 |
|
0 |
|a Civil procedure
|z Bangladesh.
|9 12079
|
| 700 |
1 |
|
|a Neogi, Probir.
|9 12080
|
| 740 |
0 |
|
|a Civil procedure code.
|
| 852 |
4 |
|
|a Ayesha Abed Library
|c General Stacks
|
| 942 |
|
|
|2 ddc
|c BK
|
| 999 |
|
|
|c 34726
|d 34726
|
| 952 |
|
|
|0 0
|1 0
|2 ddc
|4 0
|6 347_549200000000000_ISL
|7 0
|9 54305
|a BRACUL
|b BRACUL
|c GEN
|d 2015-06-15
|e Karim International
|g 1950.00
|l 7
|m 84
|o 347.5492 ISL
|p 3010029385
|r 2026-04-30
|s 2025-09-18
|t 1
|w 2015-06-15
|y BK
|
| 952 |
|
|
|0 0
|1 0
|2 ddc
|4 0
|6 347_549200000000000_ISL
|7 0
|9 54306
|a BRACUL
|b BRACUL
|c GEN
|d 2015-06-15
|e Karim International
|g 1950.00
|l 5
|m 69
|o 347.5492 ISL
|p 3010029386
|q 2026-06-02
|r 2026-02-01
|s 2026-02-01
|t 2
|w 2015-06-15
|y BK
|
| 952 |
|
|
|0 0
|1 0
|2 ddc
|4 0
|6 347_549200000000000_ISL
|7 0
|9 54308
|a BRACUL
|b BRACUL
|c GEN
|d 2015-06-15
|e Karim International
|g 1950.00
|l 5
|m 60
|o 347.5492 ISL
|p 3010029387
|r 2025-02-10
|s 2024-09-30
|t 3
|w 2015-06-15
|y BK
|
| 952 |
|
|
|0 0
|1 0
|2 ddc
|4 0
|6 347_549200000000000_ISL
|7 0
|9 54309
|a BRACUL
|b BRACUL
|c GEN
|d 2015-06-15
|e Karim International
|g 1950.00
|l 4
|m 57
|o 347.5492 ISL
|p 3010029388
|r 2022-12-24
|s 2022-09-26
|t 4
|w 2015-06-15
|y BK
|